Os quatro livros (Record no. 45369)

MARC details
000 -Etiqueta do registo
Valores 00721nam a2200241 4500
010 ## - Número ISBN
ISBN 9789897832000
021 ## - Número do Depósito Legal
Número 501125/22
100 ## - Dados gerais de processamento
Dados gerais 20220810d2022 m y0pory50030103ba
101 1# - Língua de publicação
Língua por
102 ## - País de publicação
País PT
200 1# - Titulo e menção de responsabilidade
Título próprio Os quatro livros
Primeira menção de responsabilidade Yan Lianke
Outras menções de responsabilidade trad. Helena Briga Nogueira
210 #9 - Publicação
Local de publicação Lisboa
Nome do editor Relógio D'Água,
Data de publicação cop. 2022
215 ## - Descrição física 
Paginação / Volumes 293, [9] p.
Dimensões 23 cm
225 2# - Colecção 
Título próprio da colecção Fic—cões
304 ## - Nota relativa ao título
Texto de nota Tít. orig.: Sishu
675 ## - CDU
Notação 821.581-31"19/20"
Edição BN
Língua por
700 #0 - Autor principal
Apelido Yan,
Nome Lianke,
Datas 1958-
702 #1 - Autor secundário
Apelido Nogueira,
Nome Helena Briga
Função 730
801 #0 - Fonte de origem
País PT
Agência BN
Regras de catalogação RPC
856 41 - Localização e acesso electrónico 
URL <a href="http://rnod.bnportugal.gov.pt/ImagesBN/winlibimg.aspx?skey=&doc=2107726&img=168773&save=true">http://rnod.bnportugal.gov.pt/ImagesBN/winlibimg.aspx?skey=&doc=2107726&img=168773&save=true</a>
990 ## - Elementos KOHA
Tipo de documento MON
Holdings
Aquisição Empréstimo Código de barras Cota Permissão de empréstimo Tipo de documento
Biblioteca Municipal de Redondo Biblioteca Municipal de Redondo 050798 821.581-3 YAN   MON

Powered by Koha